| 000 | 00536nam a2200193 4500 | ||
|---|---|---|---|
| 005 | 20150325153042.0 | ||
| 007 | 000 | ||
| 008 | 000 | ||
| 040 | _aUOEL | ||
| 050 |
_aS591.5 _b.K5 1962 |
||
| 100 | _aKnuti, L. Leo | ||
| 245 |
_aProfitable Soil Management / _c[by] Leo L. Knuti, Milton Korpi and J.C.Hide |
||
| 260 |
_aNew Jersey _bPrentice-Hall, Inc _cc1962 |
||
| 300 |
_avii,376 p, : _bill. |
||
| 500 | _aIncludes Glossary and index | ||
| 650 |
_aSoil Management _xAgriculture |
||
| 700 | _aKorpi, Milton and Hide C.J. | ||
| 942 |
_2lcc _cLL |
||
| 999 |
_c3190 _d3190 |
||